Statistics for Pretty Little Liars Quiz

Click here to take the quiz!

General Stats

  • This quiz has been taken 5,537 times
  • The average score is 8 of 15

Answer Stats

Hint Answer % Correct
What is Aria's last name?Montgomery
92%
Which one of the liars received an "A" message first?Aria
89%
What is Spencer's sister's name?Melissa
81%
What is Emily's last name?Fields
80%
What is Hanna's mom's name?Ashley
71%
Where do the girls go to high school?Rosewood High
65%
What is Ezra's pregnant ex's name?Maggie
42%
What is Hanna's step sisters name?Kate
42%
Who hired Caleb to spy on HannaJenna
41%
What is Ezra's son's name?Malcom
40%
Who is Spencer's first love interest?Alex
36%
Who wrote the series "Pretty Little Liars"?Sara Shepard
31%
Who does Aria use to see Ezra?Holden
25%
Where is Caleb's surprise party?Spencer's Lake House
21%
Who else was Aria seeing (temporarily) while she was with Ezra?Noal Khan
2%

Score Distribution

Percentile by Number Answered

Percent of People with Each Score

Your Score History

You have not taken this quiz